| Поле | Инд. | ПП | Название | Значение |
|---|---|---|---|---|
| Тип записи | a | |||
| Библиографический уровень | b | |||
| 001 | Контрольный номер | RU/IS/BASE/257262551 | ||
| 005 | Дата корректировки | 20200610181755.4 | ||
| 008 | Кодируемые данные | 20080225 | ||
| 040 | b | Код языка каталог. | rus | |
| e | Правила каталог. | PSBO | ||
| 041 | 0_ | a | Код языка текста | rus |
| 084 | a | Индекс другой классификации/Индекс ББК | 81.21(4Исп); 60.562.5(4Исп); 81.006.2(4Исп) | |
| 100 | 1_ | a | Автор | Кругова М. С. |
| 245 | 10 | a | Заглавие | Гендерная языковая политика в современной Испании |
| 504 | a | Библиография | Библиогр. - Примеч.: с. 110 - 111 | |
| 650 | 04 | a | Основная рубрика | испанский язык |
| a | Основная рубрика | социолингвистика | ||
| a | Основная рубрика | социология | ||
| a | Основная рубрика | филологические науки | ||
| a | Основная рубрика | частное языкознание | ||
| a | Основная рубрика | языковая политика | ||
| a | Основная рубрика | языкознание | ||
| 653 | 1_ | a | Ключевые слова | гендерная политика |
| a | Ключевые слова | государственные программы | ||
| a | Ключевые слова | Испания | ||
| a | Ключевые слова | феминизм | ||
| a | Ключевые слова | феминистская лингвистика | ||
| 773 | 0_ | t | Заглавие источника | Вестник Московского университета. Серия 9, Филология |
| d | Дата издания источника | 2007 | ||
| g | Прочая информация | № 2. - С. 103 - 111 | ||
| w | Контрольный № источника | RU/IS/BASE/236181942 | ||
| 901 | t | Тип документа | b |